Một số vấn đề về công tác vận động nông dân ở nước ta hiện nay

সংরক্ষণ করুন:
গ্রন্থ-পঞ্জীর বিবরন
প্রধান লেখক: BAN DÂN VẬN TRUNG ƯƠNG
বিন্যাস: গ্রন্থ
ভাষা:Undetermined
প্রকাশিত: Hà Nội Chính Trị Quốc Gia 2000
বিষয়গুলি:
ট্যাগগুলো: ট্যাগ যুক্ত করুন
কোনো ট্যাগ নেই, প্রথমজন হিসাবে ট্যাগ করুন!
Thư viện lưu trữ: Trung tâm Học liệu Trường Đại học Cần Thơ
LEADER 00610nam a2200169Ia 4500
001 CTU_47172
008 210402s9999 xx 000 0 und d
082 |a 338.18597 
082 |b B105 
100 |a BAN DÂN VẬN TRUNG ƯƠNG 
245 0 |a Một số vấn đề về công tác vận động nông dân ở nước ta hiện nay 
245 0 |c BAN DÂN VẬN TRUNG ƯƠNG 
260 |a Hà Nội 
260 |b Chính Trị Quốc Gia 
260 |c 2000 
650 |a agriculture - economic aspects - vietnam 
980 |a Trung tâm Học liệu Trường Đại học Cần Thơ